LEADER 02157nlm 2200301 a 450 001 996464251103316 005 20220421160826.0 010 $a0-299-29034-4 100 $a20120423d2013---- uy 0 101 0 $aeng 102 $aUS 105 $ay 00 y 135 $adrcnu 200 1 $a<> worlds of Russian village women$etradition, transgression, compromise$fLaura J. Olson and Svetlana Adonyeva 210 1 $aMadison$cUniversity of Wisconsin Press$d2013 215 $aTesto elettronico (PDF) (384 p.) 230 $aBase dati testuale 330 $aLe donne rurali russe sono state descritte come vittime del patriarcato oppressivo, celebrate come simboli della forza femminile intrinseca ed esaltate come la fonte originaria di una grande cultura mondiale. Nel corso degli anni della collettivizzazione, dell'industrializzazione e della seconda guerra mondiale, le donne hanno svolto un ruolo importante nell'evoluzione del villaggio russo. Ma come si vedono? Cosa rivelano le loro storie, canzoni e costumi sui loro valori, desideri e motivazioni?Basato su quasi tre decenni di lavoro sul campo, dal 1983 al 2010, The Worlds of Russian Rural Women segue tre generazioni di donne russe e mostra come preservano, scartano e rielaborano alternativamente le tradizioni culturali dei loro antenati per soddisfare le mutevoli esigenze e concezioni di sé . In un importante contributo allo studio del folklore, Laura J. Olson e Svetlana Adonyeva documentano i modi in cui i racconti delle donne sulle pratiche tradizionali associate al matrimonio, al parto e alla morte riflettono sia il rispetto che la trasgressione delle norme sociali. Le loro canzoni romantiche, canzoncine satiriche e magie curative e dannose rivelano la complessità delle relazioni di potere nei villaggi russi. 606 0 $aContadine$yRussia$xCondizioni sociali$2BNCF 676 $a305.40947 700 1$aOLSON,$bLaura J.$f<1962- >$0862689 701 1$aADON?EVA$bSvetlana B.$01221142 801 0$aIT$bcba$cREICAT$gREICAT 912 $a996464251103316 959 $aEB 969 $aER 996 $aWorlds of Russian village women$92831345 997 $aUNISA